000 00588nam a2200205 i 4500
001 82479
003 ES-MaACL
005 20230908105529.0
008 041110s1969 sp |||| | spa d
100 1 _aIllanes Maestre, José Luis.
_965188
245 1 0 _aHablar de Dios /
_cJosé Luis Illanes.
260 _aMadrid :
_bRialp,
_c[1969]
300 _a206 p. ;
_c19 cm.
650 0 4 _aDios.
_911900
650 0 4 _aFe.
_912734
650 4 _aCristianismo-
_xHistoria-
_yS.XX.
_9160094
852 _aES-MaACL
_985521
_bR.153353
_jC-50874
_cDEPO2
942 _2udc
999 _c82479
_d82479